| 000 | 01125cam a22003611 4500 | ||
|---|---|---|---|
| 001 | 3114287 | ||
| 003 | OSt | ||
| 005 | 20140310184446.0 | ||
| 008 | 800825s1965 nyua j 000 1 eng | ||
| 010 | _a 65020956 | ||
| 020 | _a0590687336 | ||
| 040 |
_aDLC _cDLC _dDLC |
||
| 042 | _alcac | ||
| 050 | 0 | 0 |
_aPZ 7 _b.C5792Mo 1965 |
| 100 | 1 |
_aCleary, Beverly. _96061 |
|
| 245 | 1 | 4 |
_aThe mouse and the motorcycle. _cIllustrated by Louis Darling. |
| 260 |
_aNew York, _bW. Morrow, _c1965. |
||
| 300 |
_a158 p. _billus. _c19 cm. |
||
| 520 | _aA reckless young mouse named Ralph makes friends with a boy in room 215 of the Mountain View Inn and discovers the joys of motorcycling. | ||
| 521 | _aG7 | ||
| 526 | _c860 | ||
| 562 | _e1 | ||
| 650 | 1 |
_aMotorcycling _xFiction. _927741 |
|
| 650 | 1 |
_aMice _xFiction. _927742 |
|
| 650 | 1 |
_aHotels, motels, etc. _xFiction. _927743 |
|
| 655 | 7 |
_aJuvenile literature _y1965. _2rbgenr _927744 |
|
| 700 | 1 |
_aDarling, Louis. _927740 |
|
| 906 |
_a7 _bcbc _corignew _du _eocip _f19 _gy-gencatlg |
||
| 942 |
_2lcc _cBK-SCHOLAS |
||
| 999 |
_c34512 _d34512 |
||